National Association of Real Estate Investment Trusts (Record no. 120027)

MARC details
000 -LEADER
fixed length control field 01008cam a2200229 4500
001 - CONTROL NUMBER
control field WS117825
008 - FIXED-LENGTH DATA ELEMENTS--GENERAL INFORMATION
fixed length control field 020503n 000 0 eng u
035 ## - SYSTEM CONTROL NUMBER
System control number (Sirsi) u117825
110 ## - MAIN ENTRY--CORPORATE NAME
Corporate name or jurisdiction name as entry element National Association of Real Estate Investment Trusts
9 (RLIN) 3608
245 ## - TITLE STATEMENT
Title National Association of Real Estate Investment Trusts
520 ## - SUMMARY, ETC.
Summary, etc. Web site for this US trade association for real estate companies. Members are real estate investment trusts (REITS) and other businesses that own, operate and finance income providing real estate. Includes pages of FAQs about REITS, a glossary of terms, a guide to investing in REITS and statistics and indices.
650 ## - SUBJECT ADDED ENTRY--TOPICAL TERM
Topical term or geographic name entry element USA
650 ## - SUBJECT ADDED ENTRY--TOPICAL TERM
Topical term or geographic name entry element INTERNATIONAL
650 ## - SUBJECT ADDED ENTRY--TOPICAL TERM
Topical term or geographic name entry element ORGANISATIONS
650 ## - SUBJECT ADDED ENTRY--TOPICAL TERM
Topical term or geographic name entry element REITS
650 ## - SUBJECT ADDED ENTRY--TOPICAL TERM
Topical term or geographic name entry element REITS
650 ## - SUBJECT ADDED ENTRY--TOPICAL TERM
Topical term or geographic name entry element GLOSSARY
650 ## - SUBJECT ADDED ENTRY--TOPICAL TERM
Topical term or geographic name entry element STATISTICS
690 ## - LOCAL SUBJECT ADDED ENTRY--TOPICAL TERM (OCLC, RLIN)
Topical term or geographic name as entry element PROPERTY-COMMERCIAL PROPERTY-COMMERCIAL PROPERTY FINANCE AND INVESTMENT
856 40 - ELECTRONIC LOCATION AND ACCESS
Uniform Resource Identifier <a href="https://www.nareit.com">https://www.nareit.com</a>
Public note View the website free of charge at www.nareit.com...
942 ## - ADDED ENTRY ELEMENTS (KOHA)
Suppress in OPAC 0
Holdings
Withdrawn status Lost status Source of classification or shelving scheme Damaged status Not for loan Home library Current library Shelving location Date acquired Total Checkouts Full call number Barcode Date last seen Copy number Price effective from Koha item type
    Dewey Decimal Classification     Virtual Virtual Online 03/05/2002   WEB SITE 117825-2001 06/08/2019 1 06/08/2019 Online material